Force au peuple : Puissance & décadence II (notice n° 1701434)

détails MARC
000 -LEADER
fixed length control field 01162cam a2200133 4500500
005 - DATE AND TIME OF LATEST TRANSACTION
control field 20260315010156.0
041 ## - LANGUAGE CODE
Language code of text/sound track or separate title fre
042 ## - AUTHENTICATION CODE
Authentication code dc
100 10 - MAIN ENTRY--PERSONAL NAME
Personal name Onfray, Michel
Relator term author
245 00 - TITLE STATEMENT
Title Force au peuple : Puissance & décadence II
260 ## - PUBLICATION, DISTRIBUTION, ETC.
Name of publisher, distributor, etc. Plon,<br/>
Date of publication, distribution, etc. 2024.<br/>
520 ## - SUMMARY, ETC.
Summary, etc. Après Puissance et décadence, publié chez Bouquins en 2022, Michel Onfray dénonce dans ce nouveau livre les errements de notre époque et de ses dirigeants, en exaltant les vertus du peuple et la vitalité des nations contre les systèmes libéraux et supranationaux. Dans ce livre de philosophie, manuel de résistance à toutes les dérives morales, sociales et intellectuelles d’aujourd’hui, Michel Onfray poursuit son combat contre les méfaits de la réification qui consistent à traiter l’être humain comme un objet ou une conception abstraite. Il s’en prend à la tyrannie des minorités, s’inquiète des risques de «guerre civile à bas bruit» à force d’éloignement et d’incompréhension entre les élites gouvernantes et le peuple.
856 41 - ELECTRONIC LOCATION AND ACCESS
Uniform Resource Identifier <a href="https://shs.cairn.info/force-au-peuple--9782259319942?lang=fr&redirect-ssocas=7080">https://shs.cairn.info/force-au-peuple--9782259319942?lang=fr&redirect-ssocas=7080</a>

Pas d'exemplaire disponible.

PLUDOC

PLUDOC est la plateforme unique et centralisée de gestion des bibliothèques physiques et numériques de Guinée administré par le CEDUST. Elle est la plus grande base de données de ressources documentaires pour les Étudiants, Enseignants chercheurs et Chercheurs de Guinée.

Adresse

627 919 101/664 919 101

25 boulevard du commerce
Kaloum, Conakry, Guinée

Réseaux sociaux

Powered by Netsen Group @ 2025